UK Foreign Secretaries by Picture - Statistics

General Stats
  • This quiz has been taken 52 times
  • The average score is 11 of 20
Answer Stats
Picture Answer % Correct
Boris Johnson
100%
David Cameron
96%
Liz Truss
94%
Anthony Eden
77%
David Lammy
69%
Jeremy Hunt
69%
James Callaghan
65%
David Miliband
63%
William Hague
58%
Margaret Beckett
56%
Dominic Raab
52%
Robin Cook
52%
Ernest Bevin
48%
Alec Douglas-Home
46%
Robert Gascoyne-Cecil, 3rd Marquess of Salisbury
44%
Philip Hammond
38%
David Owen
35%
Malcolm Rifkind
33%
Peter Carrington
27%
Francis Pym
13%
No matching quizzes found
Score Distribution
Percent of People with Each Score
Percentile by Number Answered
Your Score History
You have not taken this quiz